00799nam a2200193Ia 4500003000900000008004100009020001800050040001600068080001900084245015300103260003300256300001800289650006800307700003000375700002700405942000700432999001700439952014900456IN-BaIIA211028s9999 xx 000 0 eng d a0-12-333342-3 cIIA Library a537.533bHAW-2 0aPrinciples of electron opticsbvol. 2, applied geometrical opticscedited by P. W. Hawkes and E. Kasper  aLondonbAcademic Pressc1996 ax, 629-1188p. aElectron optics, Geometrical optics, Instrumental optics921295 aHawkes, P. W., ed.921296 aKasper, E., ed.921297 cBK c12194d12194 00104070aBANbBANcGENd1997-08-27g4320.00l0o537.533/ HAW-2p13110r2021-11-05v4320.00w1997-08-27yBKGRs. 4320/ 3 vols. set